00808nam a22002417a 45000010005000000030006000050050017000110080041000280200018000690400029000870500016001160820011001321000019001432450038001622600039002003000060002395050008002995200148003075210029004555210020004846500029005046500033005337123FISKH20250624140450.0250624b cb ||||| |||| 00| 0 eng d a9780439417815 aFISKHbengcFISKHdFISKH aTH9148 .M24 a628.92 aMaass, Robert  aFire fighters / cby Robert Maass aNew York : bScholastic , c1989.  a32 unnumbered pages : bcolor illustrations ;c26 cm .  aM  aDescribes what it means to be a firefighter, including life at the firehouse, practice drills, service to the community, and fire emergencies. 8 a530 bLexile estimate 8 aM bRaz-Plus  aFire safetyvNon-fiction aFire extinctionvNon-fiction